| 000 | 00634cam a2200181 a 4500 | ||
|---|---|---|---|
| 020 | _a0471558427 (acidfree paper) | ||
| 082 | 0 | 0 |
_a695 _bAMB _cL-39, P-162 |
| 100 | 1 |
_aAmbrose, James E. _91 |
|
| 245 | 1 | 0 |
_aDesign of building trusses / _cJames Ambrose. |
| 260 |
_aNew York : _bJ. Wiley, _cc1994. |
||
| 300 |
_axvii, 429 p. : _bill. ; _c26 cm. |
||
| 526 |
_a0 _b0 _c0 _d695_000000000000000_AMB |
||
| 650 | 0 |
_aMCE _9379 |
|
| 650 | 0 |
_aRoof trusses _xDesign and construction. _945587 |
|
| 856 | 4 | _uhttp://www.loc.gov/catdir/toc/onix02/94009043.html | |
| 856 | 4 | 2 | _uhttp://www.loc.gov/catdir/description/wiley031/94009043.html |
| 942 |
_2ddc _cBK |
||
| 999 |
_c549064 _d549064 |
||